000 00870nam a2200265Ia 4500
005 20220316235529.0
008 121119s2002 sp a gr 000 j spa
020 _a8489804494
041 1 _aspa
100 1 _aBauer, Jutta
245 1 3 _aEl ángel del abuelo
_cJutta Bauer ; traducción de L. Rodríguez López
250 _aPrimera edición
300 _a41 páginas
_bilustraciones
_c20 cm
650 1 4 _aCuentos infantiles alemanes
_2LEMB
650 1 4 _aLiteratura infantil alemana
_ySiglo XX
_2LEMB
650 1 4 _aÁngeles en la literatura
_2LEMB
700 1 _aRodríguez López, L.
_etraductor
_916183
942 _2loc
_cBKINF
264 _aMadrid
_bLóguez Lector Joven
_c2002
336 _atexto
_btxt
_2rdacontent
337 _asin mediación
_bn
_2rdamedia
338 _avolumen
_bnc
_2rdacarrier
040 _aCO-BoRNBP
_bspa
_erda
_cCO-BoRNBP
084 _aA BAU4
999 _c1251
_d1251